000 00374nam a2200145Ia 4500
008 231129s1976||||xx |||||||||||||| ||spa||
020 _a84-226-0823-5
040 _bspa
082 _aR 391.6 C886s
100 _aCraig Ann
245 0 _aSecretos de tu belleza
260 _c1976
264 _aCirculo de Lectores.
942 _2ddc
_cBKS
999 _c24395
_d24395